000 00245nam a2200097Ia 4500
001 953541
005 20250826215728.0
008 250824s9999 xx 000 0 und d
245 0 _aSİNİRLİ BALIKÇI
_cZAFER İŞÇİ
260 _bAKVARYUM YAYINLARI
999 _c953541
_d953541